000 01217nam a2200289 a 4500
005 2009121102012.0
008 060210s2007 nyua b 000 1 eng
020 _a9780375835643
_c100.00
037 _bBlueberry Books
040 _adpl
_bEnglish
082 _aS
100 _aGreenburg, J. C.
_q(Judith C.)
245 _aIn the jungle /
_cby J.C. Greenburg ; illustrated by Jan Gerardi
260 _aNew York
_bRandom House
_c2007
300 _a84 p. :
_bill.
_c20cm(pbk)
490 _aAndrew lost ;
_v15
500 _a"A Stepping Stone book."
520 _aLost in an Australian rainforest, Andrew, Judy, and Thudd the robot, who are still the size of insects, must evade Rhinoceros beetles, tarantulas, flesh-eating plants, and a host of other threats as they make their way toward the village where Uncle Al will meet them.
650 _aRain forests
_vFiction.
650 _aRobots
_vFiction.
650 _aCousins
_vFiction.
651 _aAustralia
_vFiction.
700 _aGerardi, Jan
942 _2ddc
_cCH
_hS
_mGRE
999 _c32545
_d32545